000 01493nam a2200361 a 4500
001 ebr10422482
003 CaPaEBR
006 m u
007 cr cn|||||||||
008 090427s2009 si a sb 001 0 eng
010 _z 2009017158
020 _z9789812839305 (hardcover : alk. paper)
020 _z9812839305 (hardcover : alk. paper)
040 _aCaPaEBR
_cCaPaEBR
035 _a(OCoLC)613381655
050 1 4 _aQB991.Q36
_bA46 2009eb
082 0 4 _a523.1
_222
100 1 _aAmoroso, Richard L.
245 1 4 _aThe holographic anthropic multiverse
_h[electronic resource] :
_bformalizing the complex geometry of reality /
_cRichard L Amoroso, Elizabeth A Rauscher.
260 _aSingapore ;
_aHackensack, NJ :
_bWorld Scientific,
_cc2009.
300 _axxii, 485 p. :
_bill.
490 1 _aK & E series on knots and everything ;
_vv. 43
504 _aIncludes bibliographical references and index.
533 _aElectronic reproduction.
_bPalo Alto, Calif. :
_cebrary,
_d2013.
_nAvailable via World Wide Web.
_nAccess may be limited to ebrary affiliated libraries.
650 0 _aQuantum cosmology.
650 0 _aAnthropic principle.
650 0 _aSupersymmetry.
655 7 _aElectronic books.
_2local
700 1 _aRauscher, Elizabeth A.
710 2 _aebrary, Inc.
830 0 _aK & E series on knots and everything ;
_vv. 43.
856 4 0 _uhttp://site.ebrary.com/lib/rucke/Doc?id=10422482
_zAn electronic book accessible through the World Wide Web; click to view
999 _c142110
_d142110